LEADER 01009nam a2200241 i 4500 001 000000046721 003 CaOOAMICUS 005 20120215000000.0 008 120215s1969 it u000 u ita u 013 $a17891 040 $aSeMil$bita 100 1 $aFrossard, André,$d<1915-1995>.$0(OLS)http://semarc/name/90400 240 10$aDieu existe, je L'ai rencontré.$0(OLS)http://semarc/title/69981 245 10$aDio esiste, io L'ho incontrato /$cAndré Frossard. 260 $aTorino :$bSEI,$ccopyr. 1969. 300 $a151 p. ;$c20 cm. 490 0 $aLa scala di Giacobbe : dottrina, testi, spiritualità, testimonianze 650 4$aSpiritualità - Testi.$0(OLS)http://semarc/subject/1342 830 3$aLa scala di Giacobbe.$0(OLS)http://semarc/title/7368 850 $aSeMil 852 $aSeMil$W1$xVenegono$y1$m2C II 212$j12876$B12876$CSeMilBibl$Z2$F12876 $81 996 $6245$aDio esiste, io L'ho incontrato$9(OLS)http://semarc/title/69980 996 $6260$aTorino :$bSEI$9(OLS)http://semarc/publisher/29848